000 00606nam a2200217Ii 4500
001 11933
003 CO-ViMGA
008 241108s9999||||xx |||||||||||||| ||und||
020 _a842831800X
040 _aCO-ViMGA
_bspa
_erda
_cCO-ViMGA
041 0 _aspa
082 0 4 _a621.56 C743
100 1 _aJean Georges Conan
_948447
245 1 0 _aRefrigeración Industrial
264 1 _aMadrid, EspaƱa : Paraninfo, 1990
300 _avolumen
336 _atext
_btxt
_2rdacontent
337 _aunmediated
_bn
_2rdamedia
338 _avolume
_bnc
_2rdacarrier
940 _aidficha_siabuc: 11643. -- ficha_no_siabuc:11933
999 _c43089
_d43089